La biblia de los materiales para el diseño y la construcción : (Registro nro. 7286)

Detalles MARC
000 -LEADER
campo de control de longitud fija 02001cam a22003734i 4500
003 - IDENTIFICADOR DE NÚMERO DE CONTROL
campo de control PE-LiUPU
005 - FECHA Y HORA DE LA ÚLTIMA TRANSACCIÓN
campo de control 20250731183340.0
008 - DATOS DE LONGITUD FIJA--INFORMACIÓN GENERAL
campo de control de longitud fija 150923s2013 sp r 000 0 spa
020 ## - NÚMERO INTERNACIONAL ESTÁNDAR DEL LIBRO
Número Internacional Estándar del Libro 9789962040699
020 ## - NÚMERO INTERNACIONAL ESTÁNDAR DEL LIBRO
Número Internacional Estándar del Libro 9962040698
035 ## - NÚMERO DE CONTROL DEL SISTEMA
Número de control de sistema (Sirsi) i9789962040699
040 ## - FUENTE DE CATALOGACIÓN
Centro catalogador/agencia de origen DLC
Lengua de catalogación spa
Centro/agencia transcriptor DLC
Centro/agencia modificador PE-LiUPU
Normas de descripción rda
082 04 - NÚMERO DE LA CLASIFICACIÓN DECIMAL DEWEY
Número de clasificación 729
Cutter P26
100 1# - ENTRADA PRINCIPAL--NOMBRE DE PERSONA
Nombre de persona Paredes Benítez, Cristina,
Término indicativo de función/relación autor.
245 13 - MENCIÓN DEL TÍTULO
Título La biblia de los materiales para el diseño y la construcción :
Resto del título vidrio-metal-hormigón-madera-piedra-tierra-carámica-materiales herbáceos-plásticos-varios /
Mención de responsabilidad, etc. Cristina Paredes Benítez.
264 #1 - PRODUCCIÓN, PUBLICACIÓN, DISTRIBUCIÓN, FABRICACIÓN Y COPYRIGHT
Producción, publicación, distribución, fabricación y copyright Madrid :
Nombre del de productor, editor, distribuidor, fabricante Lexus,
Fecha de producción, publicación, distribución, fabricación o copyright 2013.
300 ## - DESCRIPCIÓN FÍSICA
Extensión 924 páginas :
Otras características físicas ilustraciones ;
Dimensiones 31 centímetros.
505 0# - NOTA DE CONTENIDO CON FORMATO
Nota de contenido con formato Vidrio -- Metal -- Hormigón -- Madera -- Piedra -- Tierra -- Cerámica -- Materiales herbáceos -- Plásticos -- Varios
526 ## - NOTA DE INFORMACIÓN SOBRE EL PROGRAMA DE ESTUDIO
Nombre del programa Maestría Bim Facility Management (A distancia)
526 ## - NOTA DE INFORMACIÓN SOBRE EL PROGRAMA DE ESTUDIO
Nombre del programa
526 ## - NOTA DE INFORMACIÓN SOBRE EL PROGRAMA DE ESTUDIO
Nombre del programa Educación musical y artes
526 ## - NOTA DE INFORMACIÓN SOBRE EL PROGRAMA DE ESTUDIO
Nombre del programa Educación, especialidad educación física
526 ## - NOTA DE INFORMACIÓN SOBRE EL PROGRAMA DE ESTUDIO
Nombre del programa Arquitectura
541 ## - NOTA DE FUENTE DE ADQUISICIÓN DIRECTA
-- 0020-0001185;
596 ## -
-- 1
650 14 - PUNTO DE ACCESO ADICIONAL DE MATERIA--TÉRMINO DE MATERIA
Término de materia o nombre geográfico como elemento de entrada Diseño arquitectónico.
9 (RLIN) 4380
650 14 - PUNTO DE ACCESO ADICIONAL DE MATERIA--TÉRMINO DE MATERIA
Término de materia o nombre geográfico como elemento de entrada Materiales de construcción
Subdivisión de forma Manuales.
650 14 - PUNTO DE ACCESO ADICIONAL DE MATERIA--TÉRMINO DE MATERIA
Término de materia o nombre geográfico como elemento de entrada Materiales de construcción
Subdivisión de forma Clasificación.
942 ## - ELEMENTOS DE ENTRADA SECUNDARIOS (KOHA)
Fuente del sistema de clasificación o colocación Clasificación Decimal Dewey
Tipo de ítem Koha
949 ## - PROCESAMIENTO DE INFORMACIÓN LOCAL (OCLC)
a 729 P26
w DEWEY
c 1
i 70734
d 2016-4-27
e 2016-4-24
m BUL
n 7
p 66.40
r 0
s Y
t BOOK
u 2015-9-23
x INGENIERIA
-- P06
0 COMPRA
o .CIRCNOTE. El documento es muy costoso.
-- .STAFF. Colección General
949 ## - PROCESAMIENTO DE INFORMACIÓN LOCAL (OCLC)
a 729 P26
w DEWEY
c 2
i 74837
l CCODEBUL1
m BUL
p 33.96
r 0
s Y
t BOOK
u 2016-9-28
x INGENIERIA
-- P06
0 COMPRA
o .STAFF. Colección FIA
999 ## - NÚMEROS DE CONTROL DE SISTEMA (KOHA)
-- DEWEY
-- 70734
-- 2019-3-11
-- 2021-11-10
-- 8
-- CCODEBUL1
-- BUL
-- 10
-- 66.40
-- 2
-- 0
-- Y
-- BOOK
-- 2015-9-23
-- INGENIERIA
-- P06
-- COMPRA
-- .CIRCNOTE. El documento es muy costoso.
-- .STAFF. Colección General
999 ## - NÚMEROS DE CONTROL DE SISTEMA (KOHA)
-- DEWEY
-- 74837
-- 2019-3-11
-- 2021-11-10
-- 8
-- CCODEBUL1
-- BUL
-- 3
-- 33.96
-- 3
-- 0
-- Y
-- BOOK
-- 2016-9-28
-- INGENIERIA
-- P06
-- COMPRA
-- .STAFF. Colección FIA
980 ## - EQUIVALENCIA O REFERENCIA-CRUZADA-MENCIÓN DE SERIE--NOMBRE DE PERSONA/TÍTULO [LOCAL, CANADÁ]
ID del último usuario que modificó el registro 1
Nombre del último usuario que modificó el registro ALBERTO SANCHEZ Responsable de Automatización
Existencias
Visto por última vez Número de inventario Total de préstamos Signatura topográfica completa Código de barras Fecha del último préstamo Copia número Coste, precio de reemplazo Fecha de reemplazo Facultad Tipo de ítem Koha Nota pública Estado de pérdida Fuente del sistema de clasificación o colocación Restricciones de uso No para préstamo Colección Programa académico Biblioteca de origen Biblioteca actual Ubicación en estantería Fecha de adquisición Fuente de adquisición Coste, precio normal de compra
2025-12-03 9 11 729 P26 70734 2023-06-27 e1 71.40 2015-09-23 FIA Libros físicos inventario-2023-12-13 No Perdido Clasificación Decimal Dewey No restringido Disponible para préstamos Colección General Arquitectura Biblioteca CRAI UPeU Lima Biblioteca CRAI UPeU Lima Sala principal 2015-09-23 COMPRA 66.40
2025-12-03 9 4 729 P26 74837 2023-05-07 e2 38.96 2016-09-28 FIA Libros físicos inventario-2023-12-13 No Perdido Clasificación Decimal Dewey No restringido Disponible para préstamos Colección General Arquitectura Biblioteca CRAI UPeU Lima Biblioteca CRAI UPeU Lima Sala principal 2016-09-28 COMPRA 33.96